| 000 | 00755na a2200253 4500 | ||
|---|---|---|---|
| 001 | 18842 | ||
| 003 | MIRAKIL | ||
| 005 | 20181213155047.0 | ||
| 008 | 161201b tu 000 0 | ||
| 040 |
_aMilas _btur _cTR-AnCHP |
||
| 041 | _atur | ||
| 082 |
_a336.242 _bÖ99m 1999 |
||
| 090 | _a336.242 Ö99m 1999 | ||
| 100 | _aÖzyürek, Mustafa | ||
| 245 |
_aMenkul sermaye iratlarının vergilendirilmesi _cMustafa Özyürek, Erdal Sönmez, Garip Ayaz |
||
| 260 |
_aAnkara _bTÜRMOB Yayınları _c1999 |
||
| 300 |
_a58 s. _c19 sm. |
||
| 440 |
_aSirküler Rapor Yayınları _vSeri No: 3 |
||
| 490 |
_aTÜRMOB yayınları _v58 |
||
| 650 |
_aVergilendirme _xKişisel gelirler |
||
| 700 | _aAyaz, Garip | ||
| 700 | _aSönmez, Erdal | ||
| 942 |
_2ddc _cBKS |
||
| 999 |
_c5798 _d5798 |
||